00473nam a2200181Ia 4500999001700000003000400017005001700021008004100038020001500079040000900094082001800103100002500121245003600146260004200182300000900224650001600233942004200249 c30617d30617OSt20200804124413.0190216s9999||||xx |||||||||||||| ||und|| a3540780165 coclc a515.42bHAL/M aHalmos, Paul R93947 0aMeasure Theory /cPaul R Halmos bNarosa Pubs House,c1978.aNew Delhi: a304p aMathematics cBK2ddch515.42iHAL/Mk515.42mHAL/M